Научные труды по геотектонике, горной геометрии, разработке нефтнях месторождений и связанным с ними вопросаам [1957-1969]: сборник трудов

Бібліографічні деталі
Автор: Пухляков Л. А.
Резюме:Статьи в одной обложке
Мова:Російська
Опубліковано: Томск, 1969
Предмети:
Формат: Книга
KOHA link:https://koha.lib.tpu.ru/cgi-bin/koha/opac-detail.pl?biblionumber=179748

MARC

LEADER 00000nbm0a2200000 4500
001 179748
005 20231031170539.0
035 |a (RuTPU)RU\TPU\book\194849 
090 |a 179748 
100 |a 20100427d1969 m y0rusy50 ca 
101 0 |a rus 
102 |a RU 
105 |a a z 001zy 
200 1 |a Научные труды по геотектонике, горной геометрии, разработке нефтнях месторождений и связанным с ними вопросаам [1957-1969]  |e сборник трудов  |f Л. А. Пухляков 
210 |a Томск  |d 1969 
300 |a Статьи в одной обложке 
320 |a Библиогр. в конце ст. 
610 1 |a труды учёных ТПУ 
610 1 |a рукописные работы 
610 1 |a геотектоника 
610 1 |a горная геометрия 
610 1 |a нефтяные месторождения 
610 1 |a разработка 
610 1 |a гипотезы 
610 1 |a многозабойные скважины 
610 1 |a пласты 
610 1 |a залегание 
675 |a 551.24  |v 3 
675 |a 622.1:513  |v 3 
675 |a 553.982  |v 3 
700 1 |a Пухляков  |b Л. А. 
801 1 |a RU  |b 63413507  |c 20100427 
942 |c BK